000 00519nam a2200181Ia 4500
005 20250326123435.0
008 250326s9999 xx 000 0 und d
037 _aTextbook
040 _aFMSL
_beng
_cFMSL
041 _aeng
_2eng
084 _aX:89ZB P0
_qFMSL
100 _aGarratt B
_9735150
245 0 _aLearning organization : developing democracy at work
_cGarratt B
260 _aLondon
_bLondon, Harper Collins
_c2000
300 _a135p
942 _cTB
_hX:89ZB P0
999 _c1269373
_d1269373